Normal view
MARC view
- Soil fungi
Entry Topical Term
001 - CONTROL NUMBER
- control field: 6997
003 - CONTROL NUMBER IDENTIFIER
- control field: NUST
005 - DATE AND TIME OF LATEST TRANSACTION
- control field: 20171206112850.0
008 - FIXED-LENGTH DATA ELEMENTS
- fixed length control field: 171206|| aca||aabn | a|a d
040 ## - CATALOGING SOURCE
- Original cataloging agency: NUST
- Transcribing agency: NUST
150 ## - HEADING--TOPICAL TERM
- Topical term or geographic name entry element: Soil fungi
- Form subdivision: Atlases.
670 ## - SOURCE DATA FOUND
- Source citation: Work cat.: (NUST)0: Watanabe, Tsuneo, 1937- 6996, Pictorial atlas of soil and seed fungi :, 2002.
